| 000 | 01260nam a22003617a 4500 | ||
|---|---|---|---|
| 001 | 1135 | ||
| 005 | 20230824110028.0 | ||
| 008 | 230821b cb ||||| |||| 00| 0 eng d | ||
| 020 | _a078073004508 | ||
| 040 |
_aOCO _cOCO _dDLC _beng |
||
| 050 | 0 | 0 |
_aPZ7.E2634 _bSan 2002 |
| 082 | 0 | 0 |
_aFic _222 |
| 100 | 1 |
_aEdwards, Nicholas, _d1961- |
|
| 245 | 1 | 0 |
_aSanta Paws, our hero _cby Nicholas Edwards. |
| 250 | _aFirst Scholastic printing, October 2002 | ||
| 260 |
_aNew York : _bScholastic, _c2002. |
||
| 300 |
_a166 pages ; _c20 cm _billustrations : |
||
| 500 | _a"An Apple paperback." | ||
| 505 | _aV | ||
| 520 | _aSanta Paws, a dog with a penchant for rescuing people, becomes separated from his family while they are in Boston for the holidays, and must find his way back to them in time for Christmas. | ||
| 521 |
_a850
_bLexile |
||
| 521 |
_aV
_bRaz-Plus |
||
| 650 | 0 |
_aDogs _vJuvenile fiction. |
|
| 650 | 0 | _aAnimal stories. | |
| 650 | 0 | _aChristmas stories. | |
| 650 | 1 |
_aDogs _vFiction. |
|
| 650 | 1 |
_aChristmas _vFiction. |
|
| 650 | 1 |
_aLost and found possessions _vFiction. |
|
| 655 | 7 |
_aChildren's stories. _2lcsh |
|
| 655 | 7 |
_aChristmas stories. _2lcsh |
|
| 906 |
_a7 _bcbc _ccopycat _d2 _encip _f20 _gy-gencatlg |
||
| 942 |
_2ddc _cBK _n0 |
||
| 999 |
_c1135 _d1135 |
||